000 00348nam a2200121 4500
005 20260227091932.0
008 260227b |||||||| |||| 00| 0 eng d
100 _aGrove J. A & Newell E. G.
245 _aAnimal Biology
_c/A. J. Grove
260 _aBritain;
_bUniversity Tutorial Press Ltd;
_c1957
300 _axii,760p.ill;
_c21.3cm
942 _2lcc
_n0
_cBK
999 _c178
_d178